000 00606nam a22001937a 4500
005 20250113163253.0
010 _aB-761675
020 _a9789392137617
_c320.00
035 _aB-761675
037 _bGift
082 _a004
100 _aBhardwaj, Seema
_976497
245 _aPassword to Computer Science;
_bFoundation of Information Technology 9/
_cSeema Bhardwaj and Charu Gupta
260 _aNew Delhi
_bTrinity Books
_c2024
300 _a320p.
_c28cm(pb)
700 _aGupta, Charu
_976493
942 _2ddc
_cCH
_h004
_mBHA
999 _c208446
_d208446